01497nam a22003737a 4500003000500000005001700005008004100022010001000063011001000073035001000083040000900093090001000102100005300112245009000165260004000255300002000295500001100315502011900326590003700445590004100482590004100523590004100564590004200605650002600647650002100673650003900694901000700733942000900740949004200749949005500791999001700846952013300863952012700996CHAP20220817043155.0971013s1988 r 00010 d a67508 a68480 a77952 cCHAP aTesis00aFarfán Vázquez, Emanuel de Guadalupe.939747 aUso actual y perspectivas de dos especies del género acacia en el sureste de Puebla aChapingo, Méx. :bEl autor,c1988 a87 h .b: ilus. a24-136 aTesis (Ing. Forestal con orientación en evaluación y abastecimiento)-- UACH. División de Ciencias Forestales aALEPHb10c20130110lUCH01h1402 aBATCH-UPDb10c20130110lUCH01h1206 aBATCH-UPDb10c20130410lUCH01h0747 aBATCH-UPDb10c20130914lUCH01h1626 aCONVERSIONb10c20130109lUCH01h133714aArboles como forraje.14aHuizache.95683914aMadera para construcción.969663 aBK cFOLL bBCcTESd-30825eTS1h20924i77952si bBCcTESd33724002061330eTS2fc.2h20925i77952si c67508d67508 00102local4053708TESISaBCbBCcPA_TESISd2019-12-31fTESISl0p33724002061330r2019-12-31 00:00:00tc.2w2019-12-31yTESIS 00102local4051708TESISaBCbBCcPA_TESISd2019-12-31fTESISl0oTesisp-30825r2019-12-31 00:00:00w2019-12-31yTESIS